Trade liberalization and diversification in Indian agriculture (Record no. 71449)

MARC details
000 -LEADER
fixed length control field 00402nam a2200145Ia 4500
100 ## - MAIN ENTRY--AUTHOR NAME
Personal name Ghosh Nilabja
245 #0 - TITLE STATEMENT
Title Trade liberalization and diversification in Indian agriculture
260 ## - PUBLICATION, DISTRIBUTION, ETC. (IMPRINT)
Name of publisher Foreign Trade Review
Year of publication 2005
300 ## - PHYSICAL DESCRIPTION
Number of Pages 23-Mar
650 ## - SUBJECT ADDED ENTRY--TOPICAL TERM
Topical Term Indian agriculture
650 ## - SUBJECT ADDED ENTRY--TOPICAL TERM
Topical Term tade liberalization
650 ## - SUBJECT ADDED ENTRY--TOPICAL TERM
Topical Term Trade policy
942 ## - ADDED ENTRY ELEMENTS (KOHA)
Koha item type Journals
Holdings
Withdrawn status Lost status Damaged status Not for loan Home library Current library Shelving location Date acquired Serial Enumeration / chronology Koha item type
      Journals RRII Library RRII Library Agricultural economics 11/01/2008 Volume XL, Issue 2 Journals